000 00689nam a2200205Ia 4500
003 IN-BaIIA
008 211028s9999 xx 000 0 eng d
040 _cIIA Library
080 _a551.510.5
_bKAT
100 _aKats, A. L
_96633
245 0 _aStratospheric and mesospheric circulation
_cA. L. Kats; translated from Russian by I. Shechtman
260 _aJerusalem
_bIsrael Program for Scientific Translations
_c1970
300 _av, 169p.
500 _aTranslation of T︠S︡irkuli︠a︡t︠s︡ii︠a︡ v stratosfere i mezosfere
650 _aAtmospheres
_92122
650 _aMesosphere
_93896
650 _aStratosphere
_93897
700 _aShechtman, I., tr.
_96634
942 _cBK
999 _c3737
_d3737